<?xml version="1.0" encoding="UTF-8"?>
<record
    xmlns:xsi="http://www.w3.org/2001/XMLSchema-instance"
    xsi:schemaLocation="http://www.loc.gov/MARC21/slim http://www.loc.gov/standards/marcxml/schema/MARC21slim.xsd"
    xmlns="http://www.loc.gov/MARC21/slim">

  <leader>00886cam a22002178i 4500</leader>
  <datafield tag="999" ind1=" " ind2=" ">
    <subfield code="c">57884</subfield>
    <subfield code="d">57884</subfield>
  </datafield>
  <controlfield tag="001">20858620</controlfield>
  <controlfield tag="005">20221108133811.0</controlfield>
  <controlfield tag="008">190219s2019    pau           000 0 eng  </controlfield>
  <datafield tag="020" ind1=" " ind2=" ">
    <subfield code="a">9781785923210x</subfield>
  </datafield>
  <datafield tag="041" ind1=" " ind2=" ">
    <subfield code="a">eng</subfield>
  </datafield>
  <datafield tag="080" ind1=" " ind2=" ">
    <subfield code="a">376.2 W-80</subfield>
  </datafield>
  <datafield tag="100" ind1="1" ind2=" ">
    <subfield code="a">Wood, Rebecca</subfield>
    <subfield code="9">10712</subfield>
  </datafield>
  <datafield tag="245" ind1="1" ind2="0">
    <subfield code="a">Inclusive education for autistic children :</subfield>
    <subfield code="b">helping children and young people to learn and flourish in the classroom /</subfield>
    <subfield code="c">Dr Rebecca Wood.</subfield>
  </datafield>
  <datafield tag="264" ind1=" " ind2="4">
    <subfield code="c">2019.</subfield>
    <subfield code="a">Philadelphia :</subfield>
    <subfield code="b">Jessica Kingsley Publishers,</subfield>
  </datafield>
  <datafield tag="300" ind1=" " ind2=" ">
    <subfield code="a">208 pages :</subfield>
    <subfield code="b">23 cm.</subfield>
  </datafield>
  <datafield tag="653" ind1=" " ind2=" ">
    <subfield code="a">&#x10D8;&#x10DC;&#x10D9;&#x10DA;&#x10E3;&#x10D6;&#x10D8;&#x10E3;&#x10E0;&#x10D8; &#x10D2;&#x10D0;&#x10DC;&#x10D0;&#x10D7;&#x10DA;&#x10D4;&#x10D1;&#x10D0; &#x10D0;&#x10E3;&#x10E2;&#x10D8;&#x10E1;&#x10E2;&#x10D8; &#x10D1;&#x10D0;&#x10D5;&#x10E8;&#x10D5;&#x10D4;&#x10D1;&#x10D8;&#x10E1;&#x10D0;&#x10D7;&#x10D5;&#x10D8;&#x10E1;</subfield>
  </datafield>
  <datafield tag="653" ind1=" " ind2=" ">
    <subfield code="a">&#x10DE;&#x10D4;&#x10D3;&#x10D0;&#x10D2;&#x10DD;&#x10D2;&#x10D8;&#x10D9;&#x10D0;</subfield>
  </datafield>
  <datafield tag="653" ind1=" " ind2=" ">
    <subfield code="a">&#x10D0;&#x10E3;&#x10E2;&#x10D8;&#x10E1;&#x10E2;&#x10D8; &#x10D1;&#x10D0;&#x10D5;&#x10E8;&#x10D5;&#x10D4;&#x10D1;&#x10D8;</subfield>
  </datafield>
  <datafield tag="942" ind1=" " ind2=" ">
    <subfield code="2">udc</subfield>
    <subfield code="c">BK</subfield>
  </datafield>
  <datafield tag="955" ind1=" " ind2=" ">
    <subfield code="b">re25 2019-02-19</subfield>
    <subfield code="i">re25 2019-02-19 (episodic telework)(create NAR)</subfield>
  </datafield>
  <datafield tag="952" ind1=" " ind2=" ">
    <subfield code="0">0</subfield>
    <subfield code="1">0</subfield>
    <subfield code="2">udc</subfield>
    <subfield code="4">0</subfield>
    <subfield code="6">3762_W80</subfield>
    <subfield code="7">0</subfield>
    <subfield code="9">89977</subfield>
    <subfield code="a">CPL</subfield>
    <subfield code="b">CPL</subfield>
    <subfield code="c">GEN</subfield>
    <subfield code="d">2021-03-24</subfield>
    <subfield code="g">118.00</subfield>
    <subfield code="o">376.2 W-80</subfield>
    <subfield code="p">61262</subfield>
    <subfield code="r">2021-03-24</subfield>
    <subfield code="t">61262</subfield>
    <subfield code="w">2021-03-24</subfield>
    <subfield code="y">BK</subfield>
    <subfield code="z">118 &#x10DA;.</subfield>
  </datafield>
  <datafield tag="952" ind1=" " ind2=" ">
    <subfield code="0">0</subfield>
    <subfield code="1">0</subfield>
    <subfield code="2">udc</subfield>
    <subfield code="4">0</subfield>
    <subfield code="6">3762_W80</subfield>
    <subfield code="7">0</subfield>
    <subfield code="9">89978</subfield>
    <subfield code="a">CPL</subfield>
    <subfield code="b">CPL</subfield>
    <subfield code="c">GEN</subfield>
    <subfield code="d">2021-03-24</subfield>
    <subfield code="g">128.00</subfield>
    <subfield code="o">376.2 W-80</subfield>
    <subfield code="p">61263</subfield>
    <subfield code="r">2021-03-24</subfield>
    <subfield code="t">61263</subfield>
    <subfield code="w">2021-03-24</subfield>
    <subfield code="y">BK</subfield>
    <subfield code="z">128 &#x10DA;.</subfield>
  </datafield>
</record>
